Caraterización mecánica y ambiental para la aplicación geotécnica de un suelo artificial elaborado a partir de lodos de diferentes edades, provenientes de una planta de tratamiento de agua residual doméstica
Furkejuvvon:
| Váldodahkki: | |
|---|---|
| Materiálatiipa: | Girji |
| Giella: | Spanish |
| Almmustuhtton: |
[San José], Costa Rica
2015
|
| Fáttát: | |
| Fáddágilkorat: |
Lasit fáddágilkoriid
Eai fáddágilkorat, Lasit vuosttaš fáddágilkora!
|
MARC
| LEADER | 00000nam a22000007a 4500 | ||
|---|---|---|---|
| 003 | 012321 | ||
| 005 | 20221231144035.0 | ||
| 008 | 160203b2015 cr a|||| |||| 00| ||spa d | ||
| 040 | |c cru CEDI | ||
| 090 | |a TFG 7485 | ||
| 100 | |9 2980 |a Solano Ramírez, Viviana | ||
| 245 | |a Caraterización mecánica y ambiental para la aplicación geotécnica de un suelo artificial elaborado a partir de lodos de diferentes edades, provenientes de una planta de tratamiento de agua residual doméstica | ||
| 260 | |a [San José], Costa Rica |c 2015 | ||
| 500 | |a Proyecto de graduación (licenciatura en ingeniería civil)--Universidad de Costa Rica. Facultad de Ingeniería. Escuela de Ingeniería Civil | ||
| 650 | |x LODOS RESIDUALES |x SUELOS - CLASIFICACION |x TRATAMIENTO DE LODOS - COSTA RICA |x AGUAS RESIDUALES |x PLANTAS PARA TRATAMIENTO DE AGUAS RESIDUALES |9 2981 | ||
| 942 | |c TFG | ||
| 999 | |c 16013 |d 16013 | ||
